| 000 | 00356nam a2200133Ia 4500 | ||
|---|---|---|---|
| 008 | 240624s9999 xx 000 0 und d | ||
| 041 | _aeng | ||
| 082 | _a658.4092 HEA | ||
| 100 | _aHEALEY JOE | ||
| 245 | _aRADICAL TRUST HOW TODAY S GREAT LEADERS | ||
| 260 |
_c2007 _aNew Jersey _bJohn Wiley and Sons |
||
| 300 | _axvi, : 224 : p. : cm. ; 24 | ||
| 365 |
_c _b28 |
||
| 999 |
_c7393 _d7393 |
||